[Event "Arab-ch"]
[Site "Dubai"]
[Date "2021.11.29"]
[Round "6"]
[White "Al Aqrabi, Saleh"]
[Black "Khader, Sami"]
[Result "0-1"]
[WhiteElo "2127"]
[BlackElo "2358"]
[PlyCount "124"]
[EventDate "2021.11.26"]
[EventType "swiss"]
[EventRounds "9"]
[EventCountry "UAE"]
[SourceTitle "CBM 205 Extra"]
[Source "ChessBase"]
[SourceDate "2022.01.31"]
[SourceVersion "1"]
[SourceVersionDate "2022.01.31"]
[SourceQuality "1"]

1. d4 d5 2. Bf4 c5 3. e3 cxd4 4. exd4 Nc6 5. c3 Bf5 6. Nd2 e6 7. Qb3 Qd7 8. Ngf3 Nge7 9. Be2 Ng6 10. Bg3 Be7 11. 0-0 0-0 12. Rfe1 Rfe8 13. Bf1 a6 14. a4 Rac8 15. h3 h5 16. a5 Bd8 17. Qa4 Bxa5 18. Ne5 Ncxe5 19. Qxd7 Nxd7 20. Rxa5 Nf6 21. Bh2 h4 22. Nb3 Bc2 23. Na1 Bf5 24. Nb3 Red8 25. Ra3 Nd7 26. Na5 Ra8 27. Nxb7 Rdc8 28. Rea1 Nb6 29. Nd6 Rc6 30. Rxa6 Rd8 31. Nxf5 exf5 32. Bb5 Re6 33. Bc7 Rc8 34. Rxb6 Rxc7 35. Rb8+ Kh7 36. Bd3 Rf6 37. Raa8 Re7 38. Re8 Rb7 39. Rab8 Ra7 40. Bc2 Ra1+ 41. Kh2 Rf1 42. Re2 Re6 43. Bd3 Rxe2 44. Bxe2 Rxf2 45. Bf3 Nf4 46. Rb5 g5 47. Kg1 Nxh3+ 48. gxh3 Rxf3 49. Rxd5 Kg6 50. Kg2 Rg3+ 51. Kh2 f4 52. Re5 f3 53. Re1 Rg2+ 54. Kh1 f5 55. d5 g4 56. hxg4 fxg4 57. Rg1 Rxg1+ 58. Kxg1 g3 59. d6 Kf6 60. c4 h3 61. c5 h2+ 62. Kh1 f2 0-1

[Event "Arab-ch"]
[Site "Dubai"]
[Date "2021.11.29"]
[Round "5"]
[White "Khader, Sami"]
[Black "Zaibi, Amir"]
[Result "1/2-1/2"]
[WhiteElo "2358"]
[BlackElo "2405"]
[PlyCount "122"]
[EventDate "2021.11.26"]
[EventType "swiss"]
[EventRounds "9"]
[EventCountry "UAE"]
[SourceTitle "CBM 205 Extra"]
[Source "ChessBase"]
[SourceDate "2022.01.31"]
[SourceVersion "1"]
[SourceVersionDate "2022.01.31"]
[SourceQuality "1"]

1. e4 c5 2. Nf3 Nc6 3. d4 cxd4 4. Nxd4 e6 5. Nc3 Qc7 6. Be3 a6 7. g4 Ne5 8. f4 Nc4 9. Bxc4 Qxc4 10. Qd3 b5 11. a4 Qxd3 12. cxd3 b4 13. Nb1 d5 14. e5 f6 15. Nd2 Nh6 16. Rg1 Nf7 17. N2f3 g5 18. exf6 gxf4 19. Bxf4 Bc5 20. Kd2 e5 21. Bxe5 Nxe5 22. Rae1 0-0 23. Rxe5 Rxf6 24. Rc1 Bd6 25. Re8+ Rf8 26. Rxf8+ Kxf8 27. Rc6 Ke7 28. Nf5+ Bxf5 29. gxf5 Kd7 30. Rb6 h6 31. d4 Kc7 32. a5 Rf8 33. Ne5 Bxe5 34. dxe5 Rxf5 35. Rxa6 Rf2+ 36. Kd3 Rxh2 37. Ra7+ Kc6 38. e6 Rh4 39. Re7 Rh1 40. a6 Ra1 41. Ra7 Re1 42. Re7 Ra1 43. a7 Kd6 44. Rh7 Kxe6 45. Rxh6+ Ke5 46. Rh7 Kd6 47. Kd4 Rd1+ 48. Ke3 Ra1 49. Kd3 Kc5 50. Rd7 Kc6 51. Rg7 Kb6 52. Kd4 Rxa7 53. Rxa7 Kxa7 54. Kxd5 Kb6 55. Kc4 Ka5 56. b3 Ka6 57. Kc5 Ka7 58. Kxb4 Kb6 59. Kc4 Kc6 60. b4 Kb6 61. b5 Kb7 1/2-1/2

[Event "Arab-ch"]
[Site "Dubai"]
[Date "2021.11.27"]
[Round "3"]
[White "Khader, Sami"]
[Black "Ameir, Moheb"]
[Result "0-1"]
[WhiteElo "2358"]
[BlackElo "2357"]
[PlyCount "104"]
[EventDate "2021.11.26"]
[EventType "swiss"]
[EventRounds "9"]
[EventCountry "UAE"]
[SourceTitle "CBM 205 Extra"]
[Source "ChessBase"]
[SourceDate "2022.01.31"]
[SourceVersion "1"]
[SourceVersionDate "2022.01.31"]
[SourceQuality "1"]

1. e4 e5 2. Bc4 Nf6 3. d3 Nc6 4. Nf3 Bc5 5. c3 d6 6. b4 Bb6 7. a4 a6 8. 0-0 0-0 9. Bg5 h6 10. Be3 Ba7 11. Bxa7 Rxa7 12. Nbd2 Ne7 13. Nh4 d5 14. Ba2 c6 15. f4 Ng4 16. fxe5 Ne3 17. Qf3 Nxf1 18. Rxf1 Be6 19. Qf2 Ra8 20. exd5 cxd5 21. d4 Rc8 22. Qg3 Qc7 23. Rf3 f5 24. Bb1 f4 25. Qf2 g5 26. Ng6 Nxg6 27. Bxg6 Qg7 28. Bb1 g4 29. Rxf4 Rxf4 30. Qxf4 Rxc3 31. Bf5 Bxf5 32. Qxf5 Rc1+ 33. Nf1 Qf8 34. Qxg4+ Kh7 35. Qe2 Qf4 36. Qd3+ Qe4 37. Qxe4+ dxe4 38. Kf2 Rd1 39. Ne3 Rxd4 40. b5 a5 41. Kg3 Rxa4 42. Kf4 Kg6 43. h4 h5 44. g4 hxg4 45. Kxg4 Ra1 46. h5+ Kf7 47. Kf5 Rh1 48. e6+ Ke8 49. Kxe4 Ke7 50. Nc4 a4 51. Kd4 Rxh5 52. b6 Rh3 0-1

[Event "FIDE World Cup"]
[Site "Krasnaya Polyana"]
[Date "2021.07.13"]
[Round "1.2"]
[White "Mareco, Sandro"]
[Black "Khader, Sami"]
[Result "1-0"]
[WhiteElo "2629"]
[BlackElo "2382"]
[PlyCount "103"]
[EventDate "2021.07.12"]
[EventType "k.o."]
[EventRounds "8"]
[EventCountry "RUS"]
[SourceTitle "CBM 203"]
[Source "ChessBase"]
[SourceDate "2021.08.31"]
[SourceVersion "1"]
[SourceVersionDate "2021.08.31"]
[SourceQuality "1"]

1. e4 c6 2. Nf3 d5 3. d3 g6 4. e5 c5 5. c3 d4 6. cxd4 cxd4 7. Be2 Nc6 8. 0-0 Bg7 9. Bf4 f6 10. exf6 Nxf6 11. Ne5 Nd5 12. Nxc6 bxc6 13. Bg3 0-0 14. Nd2 e5 15. Rc1 Rb8 16. Nc4 Nf4 17. Bf3 Be6 18. Bxc6 Bxc4 19. Rxc4 Rxb2 20. Rc2 Rb8 21. Bxf4 Rxf4 22. Be4 Bf8 23. g3 Rf6 24. Qg4 Bd6 25. h4 Kh8 26. h5 gxh5 27. Qxh5 Qe7 28. Kg2 Rbf8 29. Rh1 h6 30. Rb1 Qf7 31. Qe2 Qg7 32. Rb7 R6f7 33. Rxf7 Qxf7 34. Rc6 Qf6 35. Ra6 Qe7 36. Qg4 Rf6 37. Bd5 Qf8 38. f3 e4 39. Bxe4 Qe7 40. Rc6 Qg7 41. Qxg7+ Kxg7 42. Rc4 Be7 43. Rc7 Kf8 44. Rxa7 Rb6 45. a4 Bc5 46. Ra8+ Kg7 47. a5 Rb1 48. Rc8 Bd6 49. a6 Ra1 50. Rc6 Bb8 51. Rb6 Be5 52. f4 1-0

[Event "Sharjah Rapid op"]
[Site "Sharjah"]
[Date "2021.04.29"]
[Round "2.10"]
[White "Adhami, Hesham"]
[Black "Khader, Sami"]
[Result "0-1"]
[WhiteElo "2013"]
[BlackElo "2382"]
[PlyCount "76"]
[EventDate "2021.04.29"]
[EventType "swiss (rapid)"]
[EventRounds "9"]
[EventCountry "UAE"]
[SourceTitle "CBM 202 Extra"]
[Source "ChessBase"]
[SourceDate "2021.07.31"]
[SourceVersion "1"]
[SourceVersionDate "2021.07.31"]
[SourceQuality "1"]

1. d4 d5 2. Nf3 c5 3. Bf4 cxd4 4. Nxd4 Nc6 5. e3 Qb6 6. Nb5 e5 7. N1c3 Be6 8. Nxd5 Bxd5 9. Qxd5 Nf6 10. Qc4 exf4 11. Qxf4 Rc8 12. Bd3 Be7 13. 0-0 0-0 14. Rab1 Nb4 15. Nd4 Nxd3 16. cxd3 g6 17. Rfd1 Qd6 18. Qxd6 Bxd6 19. Nb5 Bb8 20. Rbc1 a6 21. Nd4 Rfd8 22. Kf1 Kg7 23. h3 Ba7 24. Nc2 Rc6 25. Ne1 Rdc8 26. Rxc6 Rxc6 27. Rd2 Bb6 28. Ke2 Rc1 29. Rd1 Rxd1 30. Kxd1 Nd5 31. a3 f5 32. Nf3 f4 33. e4 Nc7 34. Ke2 Ne6 35. g3 fxg3 36. fxg3 Nd4+ 37. Nxd4 Bxd4 38. b3 Kf6 0-1

[Event "Sharjah Rapid op"]
[Site "Sharjah"]
[Date "2021.04.29"]
[Round "3.6"]
[White "Khader, Sami"]
[Black "El Adnani, Mokliss"]
[Result "1/2-1/2"]
[WhiteElo "2382"]
[BlackElo "2428"]
[PlyCount "27"]
[EventDate "2021.04.29"]
[EventType "swiss (rapid)"]
[EventRounds "9"]
[EventCountry "UAE"]
[SourceTitle "CBM 202 Extra"]
[Source "ChessBase"]
[SourceDate "2021.07.31"]
[SourceVersion "1"]
[SourceVersionDate "2021.07.31"]
[SourceQuality "1"]

1. d4 Nf6 2. c4 g6 3. Nc3 Bg7 4. e4 0-0 5. Nge2 d6 6. Ng3 c5 7. d5 e6 8. Be2 exd5 9. exd5 a6 10. Bf4 Re8 11. Qd2 Qc7 12. 0-0 h5 13. Bd3 Ng4 14. Rae1 1/2-1/2

[Event "Sharjah Rapid op"]
[Site "Sharjah"]
[Date "2021.04.29"]
[Round "1.7"]
[White "Khader, Sami"]
[Black "Suresh, KK."]
[Result "1/2-1/2"]
[WhiteElo "2382"]
[BlackElo "1617"]
[PlyCount "68"]
[EventDate "2021.04.29"]
[EventType "swiss (rapid)"]
[EventRounds "9"]
[EventCountry "UAE"]
[SourceTitle "CBM 202 Extra"]
[Source "ChessBase"]
[SourceDate "2021.07.31"]
[SourceVersion "1"]
[SourceVersionDate "2021.07.31"]
[SourceQuality "1"]

1. e4 c5 2. Nf3 d6 3. d4 cxd4 4. Nxd4 Nf6 5. Nc3 a6 6. Bg5 e6 7. f4 Be7 8. Qe2 0-0 9. 0-0-0 Nc6 10. Bxf6 Bxf6 11. e5 Be7 12. Nxc6 bxc6 13. exd6 Bxd6 14. g3 Qc7 15. Bg2 Bb7 16. h4 Rad8 17. Ne4 Be7 18. Rxd8 Rxd8 19. Rd1 h6 20. Rxd8+ Qxd8 21. Qd2 Qb6 22. Qf2 Qc7 23. Nd2 c5 24. Bxb7 Qxb7 25. Qf3 Qb8 26. Qc6 Qb5 27. Qa8+ Kh7 28. Qe4+ Kg8 29. c4 Qa5 30. a3 Bf6 31. Qa8+ Kh7 32. Qe4+ Kg8 33. Qa8+ Kh7 34. Qe4+ Kg8 1/2-1/2

[Event "Sharjah Ramadan op rapid"]
[Site "Sharjah"]
[Date "2019.05.15"]
[Round "7"]
[White "Khader, Sami"]
[Black "Khademalsharieh, Sarasadat"]
[Result "1-0"]
[WhiteElo "2386"]
[BlackElo "2474"]
[PlyCount "67"]
[EventDate "2019.05.13"]
[EventType "swiss (rapid)"]
[EventRounds "9"]
[EventCountry "UAE"]
[SourceTitle "CBM 190 Extra"]
[Source "ChessBase"]
[SourceDate "2019.07.15"]
[SourceVersion "1"]
[SourceVersionDate "2019.07.15"]
[SourceQuality "1"]

1. e4 e5 2. Nc3 Nc6 3. f4 exf4 4. Nf3 Nf6 5. d4 Bb4 6. d5 Ne7 7. Bd3 Ng6 8. 0-0 Bc5+ 9. Kh1 Ng4 10. Qe2 d6 11. Na4 Be3 12. Bb5+ Bd7 13. Bxd7+ Qxd7 14. Nc3 0-0 15. Ng5 Bxc1 16. Raxc1 N4e5 17. Qh5 h6 18. Nh3 Rae8 19. Nxf4 Nxf4 20. Rxf4 Ng6 21. Rf5 b5 22. a3 a5 23. b4 Ne5 24. Qe2 Nc4 25. Rcf1 Nxa3 26. bxa5 b4 27. Nd1 Qa4 28. Qf3 f6 29. Ne3 Nxc2 30. Ng4 Nd4 31. Nxh6+ gxh6 32. Qg4+ Kh7 33. e5 fxe5 34. Rf7+ 1-0

[Event "Sharjah Ramadan op rapid"]
[Site "Sharjah"]
[Date "2019.05.14"]
[Round "3"]
[White "Khader, Sami"]
[Black "Adhami, Hesham"]
[Result "1-0"]
[WhiteElo "2386"]
[BlackElo "2013"]
[PlyCount "41"]
[EventDate "2019.05.13"]
[EventType "swiss (rapid)"]
[EventRounds "9"]
[EventCountry "UAE"]
[SourceTitle "CBM 190 Extra"]
[Source "ChessBase"]
[SourceDate "2019.07.15"]
[SourceVersion "1"]
[SourceVersionDate "2019.07.15"]
[SourceQuality "1"]

1. e4 c5 2. c3 Nf6 3. e5 Nd5 4. d4 e6 5. Nf3 d6 6. Bd3 Be7 7. 0-0 0-0 8. Na3 a6 9. Nc4 h6 10. Qe2 b5 11. Qe4 f5 12. exf6 Rxf6 13. Ne3 Bb7 14. Qh7+ Kf7 15. Ng4 Nd7 16. Nxh6+ Rxh6 17. Bxh6 Bf6 18. Ng5+ Ke7 19. Bxg7 Qg8 20. Bxf6+ Kxf6 21. Ne4# 1-0

[Event "Wch Blitz"]
[Site "Riadh"]
[Date "2017.12.30"]
[Round "15"]
[White "Khader, Sami"]
[Black "Al Sayed, Mohammed"]
[Result "1/2-1/2"]
[WhiteElo "2392"]
[BlackElo "2511"]
[PlyCount "37"]
[EventDate "2017.12.29"]
[EventType "swiss (blitz)"]
[EventRounds "21"]
[EventCountry "SAU"]
[SourceTitle "CBM 182 Extra"]
[Source "ChessBase"]
[SourceDate "2018.02.23"]
[SourceVersion "1"]
[SourceVersionDate "2018.02.23"]
[SourceQuality "1"]

1. e4 c5 2. Nf3 d6 3. d4 cxd4 4. Nxd4 Nf6 5. Nc3 a6 6. Bg5 Nbd7 7. f4 Qc7 8. Qe2 e5 9. Nf5 h6 10. Bxf6 Nxf6 11. 0-0-0 Be6 12. Ne3 exf4 13. Ned5 Bxd5 14. Nxd5 Nxd5 15. exd5+ Be7 16. Qe4 0-0 17. Bd3 g6 18. h4 Bf6 19. Qxf4 1/2-1/2

[Event "Wch Blitz"]
[Site "Riadh"]
[Date "2017.12.30"]
[Round "13"]
[White "Khader, Sami"]
[Black "Samhouri, Admah Fawzi"]
[Result "1-0"]
[WhiteElo "2392"]
[BlackElo "2355"]
[PlyCount "65"]
[EventDate "2017.12.29"]
[EventType "swiss (blitz)"]
[EventRounds "21"]
[EventCountry "SAU"]
[SourceTitle "CBM 182 Extra"]
[Source "ChessBase"]
[SourceDate "2018.02.23"]
[SourceVersion "1"]
[SourceVersionDate "2018.02.23"]
[SourceQuality "1"]

1. e4 d5 2. exd5 Qxd5 3. Nc3 Qd6 4. d4 Nf6 5. Nf3 a6 6. Ne5 e6 7. Bf4 Qd8 8. Qd2 Bd6 9. Bd3 Nbd7 10. Qe2 0-0 11. 0-0-0 Qe7 12. Bg5 Qe8 13. Rhe1 c6 14. Qf3 Nd5 15. Qh3 g6 16. Nxd5 cxd5 17. Bh6 Nxe5 18. dxe5 Bb4 19. Re3 Qa4 20. Bxf8 Bxf8 21. Kb1 Bd7 22. Qg3 Bc5 23. Rf3 Rf8 24. h4 Bd4 25. Qf4 Qb4 26. c3 Bxc3 27. Qxb4 Bxb4 28. h5 Kg7 29. hxg6 hxg6 30. Rh1 Rc8 31. Rfh3 Rc7 32. Rh8 f5 33. R1h7# 1-0

[Event "Wch Blitz"]
[Site "Riadh"]
[Date "2017.12.30"]
[Round "12"]
[White "Khairat, Ahmed"]
[Black "Khader, Sami"]
[Result "1-0"]
[WhiteElo "2211"]
[BlackElo "2392"]
[PlyCount "125"]
[EventDate "2017.12.29"]
[EventType "swiss (blitz)"]
[EventRounds "21"]
[EventCountry "SAU"]
[SourceTitle "CBM 182 Extra"]
[Source "ChessBase"]
[SourceDate "2018.02.23"]
[SourceVersion "1"]
[SourceVersionDate "2018.02.23"]
[SourceQuality "1"]

1. e4 e6 2. d4 d5 3. Nc3 Bb4 4. e5 c5 5. Bd2 Ne7 6. Nb5 Bxd2+ 7. Qxd2 0-0 8. dxc5 Nd7 9. f4 Nxc5 10. Bd3 Qb6 11. 0-0-0 Nxd3+ 12. Qxd3 Bd7 13. Nd4 Nc6 14. Ngf3 Nb4 15. Qb3 Qa5 16. Kb1 Ba4 17. Qa3 b6 18. b3 Bd7 19. Qxa5 bxa5 20. a3 Na6 21. a4 Nc5 22. Ka2 Rab8 23. Rc1 Rfc8 24. Rhd1 Rb4 25. c3 Rb6 26. c4 Ne4 27. Ne2 Nf2 28. Rd2 Ne4 29. Rd4 Rcb8 30. cxd5 exd5 31. Nc3 Nxc3+ 32. Rxc3 Be6 33. h3 h5 34. Nd2 g6 35. Rc5 Rb4 36. Rxb4 Rxb4 37. g3 Rd4 38. Nf3 Rd3 39. Ng5 Rxg3 40. Rxa5 d4 41. Rxa7 Bxb3+ 42. Kb2 Bc4 43. Rc7 Rg2+ 44. Ka3 Be6 45. Nxe6 fxe6 46. Rd7 Rg3+ 47. Kb4 Rxh3 48. a5 Rh1 49. a6 Ra1 50. a7 h4 51. Rd8+ Kg7 52. a8Q Rxa8 53. Rxa8 g5 54. fxg5 Kg6 55. Rg8+ Kf5 56. g6 h3 57. g7 Kg6 58. Kc4 h2 59. Rh8 Kxg7 60. Rxh2 Kg6 61. Kxd4 Kf5 62. Rh6 Kg5 63. Rxe6 1-0

[Event "Wch Blitz"]
[Site "Riadh"]
[Date "2017.12.29"]
[Round "9"]
[White "Halkias, Stelios"]
[Black "Khader, Sami"]
[Result "1-0"]
[WhiteElo "2571"]
[BlackElo "2392"]
[PlyCount "121"]
[EventDate "2017.12.29"]
[EventType "swiss (blitz)"]
[EventRounds "21"]
[EventCountry "SAU"]
[SourceTitle "CBM 182 Extra"]
[Source "ChessBase"]
[SourceDate "2018.02.23"]
[SourceVersion "1"]
[SourceVersionDate "2018.02.23"]
[SourceQuality "1"]

1. Nf3 Nf6 2. c4 g6 3. Nc3 Bg7 4. g3 0-0 5. Bg2 d6 6. d4 Nc6 7. 0-0 Bg4 8. d5 Na5 9. Nd2 c5 10. Qc2 a6 11. b3 Rb8 12. Bb2 b5 13. h3 Bd7 14. Rab1 e5 15. e4 Ne8 16. Ne2 Qe7 17. Bc3 Nb7 18. Rbe1 Nd8 19. Kh2 f5 20. f4 Nf7 21. exf5 gxf5 22. Ng1 e4 23. Bxg7 Nxg7 24. Qc3 Nh6 25. Rf2 Qf7 26. Nf1 Qh5 27. Ne3 Ne8 28. Bf1 Nf6 29. Be2 Qg6 30. Bd1 Qg7 31. Qd2 Kh8 32. Rg2 Rg8 33. Kh1 Rbe8 34. Ne2 Qg6 35. Qb2 Qg7 36. Qd2 Qf7 37. cxb5 axb5 38. b4 Rg7 39. a4 bxa4 40. bxc5 dxc5 41. Nc3 Reg8 42. Kh2 a3 43. Bb3 Rg6 44. Bc4 Re8 45. Qa2 Qg7 46. Qxa3 Nh5 47. Reg1 Rg8 48. d6 Be6 49. Bxe6 Rxe6 50. Qxc5 Rg6 51. Qe5 Qxe5 52. fxe5 f4 53. gxf4 Rxg2+ 54. Rxg2 Nxf4 55. Rxg8+ Kxg8 56. Nxe4 Kf7 57. Ng5+ Kg6 58. d7 Ne6 59. Nxe6 Nf7 60. Nf4+ Kg5 61. e6 1-0

[Event "Wch Blitz"]
[Site "Riadh"]
[Date "2017.12.29"]
[Round "11"]
[White "Khader, Sami"]
[Black "El Adnani, Mokliss"]
[Result "0-1"]
[WhiteElo "2392"]
[BlackElo "2448"]
[PlyCount "48"]
[EventDate "2017.12.29"]
[EventType "swiss (blitz)"]
[EventRounds "21"]
[EventCountry "SAU"]
[SourceTitle "CBM 182 Extra"]
[Source "ChessBase"]
[SourceDate "2018.02.23"]
[SourceVersion "1"]
[SourceVersionDate "2018.02.23"]
[SourceQuality "1"]

1. e4 c5 2. Nf3 d6 3. d4 cxd4 4. Nxd4 Nf6 5. Nc3 g6 6. Be3 Bg7 7. f3 Nc6 8. Bc4 Bd7 9. Qd2 Rc8 10. Bb3 h5 11. 0-0 Ne5 12. Qe2 a6 13. a4 Qc7 14. Rad1 Nc4 15. Bc1 Qc5 16. Kh1 h4 17. Be3 Nxe3 18. Qxe3 e5 19. Nf5 gxf5 20. Qg5 Nh5 21. Ne2 Bf6 22. Qd2 Ng3+ 23. Nxg3 hxg3 24. h3 f4 0-1

[Event "Wch Rapid"]
[Site "Riadh"]
[Date "2017.12.28"]
[Round "15"]
[White "Khader, Sami"]
[Black "Ivanchuk, Vassily"]
[Result "0-1"]
[WhiteElo "2392"]
[BlackElo "2726"]
[PlyCount "146"]
[EventDate "2017.12.26"]
[EventType "swiss (rapid)"]
[EventRounds "15"]
[EventCountry "SAU"]
[SourceTitle "CBM 182 Extra"]
[Source "ChessBase"]
[SourceDate "2018.02.23"]
[SourceVersion "1"]
[SourceVersionDate "2018.02.23"]
[SourceQuality "1"]

1. e4 c6 2. c4 d5 3. cxd5 cxd5 4. exd5 Nf6 5. Qa4+ Nbd7 6. Nc3 g6 7. d4 Bg7 8. Nge2 0-0 9. Nf4 Nb6 10. Qb3 a5 11. a4 Qd6 12. Be2 Rd8 13. 0-0 Nfxd5 14. Nfxd5 Nxd5 15. Bc4 Be6 16. Ne4 Qb4 17. Nc5 Qxb3 18. Bxb3 Bc8 19. Rd1 b6 20. Ne4 Bb7 21. Nc3 Rac8 22. Nb5 Ba6 23. Be3 Nxe3 24. fxe3 e5 25. d5 Bxb5 26. axb5 Bf8 27. Rac1 Bc5 28. Kf2 Kf8 29. Ke2 Ke7 30. g4 f6 31. h3 Rh8 32. Bc2 Rcg8 33. Bb3 Kd6 34. Rf1 Rf8 35. Rf2 h5 36. Rcf1 Ke7 37. Bc2 hxg4 38. hxg4 Rh4 39. Rg2 Kf7 40. Bd3 Kg7 41. Bc2 Rfh8 42. Rgf2 Rf8 43. Rg2 Rh3 44. Rf3 Rxf3 45. Kxf3 Rh8 46. Re2 Rh3+ 47. Kg2 Rh4 48. Kg3 Rh1 49. Be4 Rg1+ 50. Kf3 Rd1 51. Kf2 Kh6 52. Re1 Rxe1 53. Kxe1 Bxe3 54. d6 Bc5 55. d7 Be7 56. Ke2 Kg5 57. Kf3 f5 58. gxf5 gxf5 59. Bd5 a4 60. Be6 e4+ 61. Ke3 Kf6 62. Ba2 Ke5 63. Bb1 Bg5+ 64. Ke2 Ke6 65. Bc2 Kxd7 66. Bxa4 Kd6 67. Bb3 Bc1 68. Bf7 Bxb2 69. Ke3 Ke5 70. Be8 Bd4+ 71. Ke2 Bc5 72. Bh5 f4 73. Bg4 f3+ 0-1

[Event "Wch Rapid"]
[Site "Riadh"]
[Date "2017.12.26"]
[Round "1"]
[White "Harikrishna, Pentala"]
[Black "Khader, Sami"]
[Result "1-0"]
[WhiteElo "2744"]
[BlackElo "2392"]
[PlyCount "70"]
[EventDate "2017.12.26"]
[EventType "swiss (rapid)"]
[EventRounds "15"]
[EventCountry "SAU"]
[SourceTitle "CBM 182 Extra"]
[Source "ChessBase"]
[SourceDate "2018.02.23"]
[SourceVersion "1"]
[SourceVersionDate "2018.02.23"]
[SourceQuality "1"]

1. e4 e5 2. Nf3 Nc6 3. Bb5 f5 4. d3 fxe4 5. dxe4 Nf6 6. 0-0 d6 7. Qd3 Be7 8. Nc3 0-0 9. Bc4+ Kh8 10. Ng5 Qe8 11. Ne6 Bxe6 12. Bxe6 Bd8 13. Bh3 Nh5 14. g3 Qg6 15. Bf5 Qf7 16. Be3 Nf6 17. Kg2 Qh5 18. Qd1 Qf7 19. Bh3 Qc4 20. Qd3 Qxd3 21. cxd3 Nb4 22. Rad1 Nc2 23. Bd2 c6 24. Ne2 Bb6 25. Rc1 Nd4 26. Nc3 Rad8 27. f4 h6 28. Be3 Nd7 29. Na4 Nc5 30. Nxc5 Bxc5 31. fxe5 Rxf1 32. Kxf1 Rf8+ 33. Kg2 Ne2 34. Rxc5 dxc5 35. Bd7 Nd4 1-0

[Event "Wch Rapid"]
[Site "Riadh"]
[Date "2017.12.26"]
[Round "3"]
[White "Korobov, Anton"]
[Black "Khader, Sami"]
[Result "1-0"]
[WhiteElo "2652"]
[BlackElo "2392"]
[PlyCount "55"]
[EventDate "2017.12.26"]
[EventType "swiss (rapid)"]
[EventRounds "15"]
[EventCountry "SAU"]
[SourceTitle "CBM 182 Extra"]
[Source "ChessBase"]
[SourceDate "2018.02.23"]
[SourceVersion "1"]
[SourceVersionDate "2018.02.23"]
[SourceQuality "1"]

1. d4 Nf6 2. c4 g6 3. Nc3 Bg7 4. e4 0-0 5. Bg5 c5 6. d5 d6 7. Bd3 a6 8. a4 e5 9. Nge2 h6 10. Bd2 Nbd7 11. Qc1 Kh7 12. f3 Ng8 13. h4 h5 14. g4 Ndf6 15. Ng3 Rb8 16. Nce2 hxg4 17. h5 g5 18. h6 Bh8 19. Ng1 Ne8 20. Bxg5 Bf6 21. f4 exf4 22. e5+ Kh8 23. exf6 fxg3 24. Ne2 Ngxf6 25. 0-0 Qe7 26. Rxf6 Nxf6 27. Qc3 Kg8 28. Qxf6 1-0

[Event "Arab Clubs-chT"]
[Site "Marrakesh"]
[Date "2016.12.06"]
[Round "5"]
[White "Khader, Sami"]
[Black "Al Khateeb, Taher"]
[Result "1-0"]
[WhiteElo "2390"]
[BlackElo "2036"]
[PlyCount "88"]
[EventDate "2016.12.02"]
[EventType "team-tourn"]
[EventRounds "7"]
[EventCountry "MAR"]
[SourceTitle "CBM 176 Extra"]
[Source "ChessBase"]
[SourceDate "2017.03.02"]
[SourceVersion "1"]
[SourceVersionDate "2017.03.02"]
[SourceQuality "1"]
[WhiteTeam "Jordan Arena"]
[BlackTeam "Kuwait Mind Sports"]
[WhiteTeamCountry "JOR"]
[BlackTeamCountry "KUW"]

1. d4 d5 2. c4 e6 3. Nf3 c6 4. g3 Bd6 5. Qc2 Nf6 6. Bg2 Nbd7 7. 0-0 0-0 8. Nc3 Re8 9. e4 dxe4 10. Ng5 h6 11. Ngxe4 Nxe4 12. Nxe4 Nf6 13. Rd1 Nxe4 14. Qxe4 Qf6 15. c5 Bf8 16. Bf4 Qf5 17. Qe2 e5 18. Re1 Bd7 19. Bxe5 f6 20. Be4 Qh3 21. Bf4 f5 22. Qc4+ Be6 23. d5 fxe4 24. dxe6 Qxe6 25. Rxe4 Qxc4 26. Rxc4 Re2 27. Rb1 Re6 28. Kf1 Rd8 29. b4 g5 30. Be3 a6 31. h4 Rd5 32. hxg5 hxg5 33. Rg4 Be7 34. Ke2 Rde5 35. Rd1 Kf7 36. Rd7 a5 37. a3 axb4 38. axb4 b5 39. cxb6 Kf6 40. b7 Rb5 41. Kf1 Kf5 42. Rc4 Bxb4 43. Ba7 Bd6 44. Rxd6 Rxd6 1-0

[Event "Arab Clubs-chT"]
[Site "Marrakesh"]
[Date "2016.12.04"]
[Round "3"]
[White "Khader, Sami"]
[Black "Tissir, Mohamed"]
[Result "0-1"]
[WhiteElo "2390"]
[BlackElo "2376"]
[PlyCount "100"]
[EventDate "2016.12.02"]
[EventType "team-tourn"]
[EventRounds "7"]
[EventCountry "MAR"]
[SourceTitle "CBM 176 Extra"]
[Source "ChessBase"]
[SourceDate "2017.03.02"]
[SourceVersion "1"]
[SourceVersionDate "2017.03.02"]
[SourceQuality "1"]
[WhiteTeam "Jordan Arena"]
[BlackTeam "Raja Elbaidaoui"]
[WhiteTeamCountry "JOR"]
[BlackTeamCountry "MAR"]

1. d4 Nf6 2. Nf3 g6 3. Bf4 Bg7 4. e3 0-0 5. Be2 d6 6. h3 c5 7. c3 b6 8. a4 a6 9. Nbd2 Bb7 10. 0-0 Nbd7 11. Qb3 Ra7 12. Rfd1 Qa8 13. Nc4 Bd5 14. Qa3 cxd4 15. cxd4 Rc8 16. b3 Ne4 17. Rdc1 a5 18. Rc2 Nef6 19. Rcc1 h6 20. Qb2 Rac7 21. Bh2 Qb7 22. Ne1 h5 23. Bf1 Ne4 24. Nd3 Bxc4 25. bxc4 Rxc4 26. Rxc4 Rxc4 27. f3 Nc3 28. Nc5 Rxc5 29. dxc5 Nxa4 30. Qb5 Naxc5 31. Rd1 Qa8 32. Bc4 a4 33. Qb1 e6 34. Bxd6 Qa5 35. Ba2 Qc3 36. e4 Be5 37. Kh1 Bxd6 38. Rxd6 Ne5 39. Rxb6 Ncd3 40. Rb8+ Kg7 41. Qf1 Qd2 42. Bb1 Nf2+ 43. Kg1 Nd1 44. Qb5 Qf2+ 45. Kh1 Qe1+ 46. Kh2 Nxf3+ 47. gxf3 Qf2+ 48. Kh1 Qxf3+ 49. Kh2 Qf2+ 50. Kh1 Qg3 0-1

[Event "Arab Clubs-chT"]
[Site "Marrakesh"]
[Date "2016.12.03"]
[Round "2"]
[White "Bengherabi, Khalil"]
[Black "Khader, Sami"]
[Result "0-1"]
[WhiteElo "2210"]
[BlackElo "2390"]
[PlyCount "106"]
[EventDate "2016.12.02"]
[EventType "team-tourn"]
[EventRounds "7"]
[EventCountry "MAR"]
[SourceTitle "CBM 176 Extra"]
[Source "ChessBase"]
[SourceDate "2017.03.02"]
[SourceVersion "1"]
[SourceVersionDate "2017.03.02"]
[SourceQuality "1"]
[WhiteTeam "Surete National"]
[BlackTeam "Jordan Arena"]
[WhiteTeamCountry "ALG"]
[BlackTeamCountry "JOR"]

1. e4 d6 2. d4 Nf6 3. Nc3 Nbd7 4. Nf3 e5 5. Bc4 Be7 6. 0-0 0-0 7. dxe5 dxe5 8. Qe2 c6 9. a4 Qc7 10. Nh4 Nb6 11. Bb3 Bc5 12. a5 Bg4 13. axb6 axb6 14. Rxa8 Bxe2 15. Rxf8+ Kxf8 16. Nxe2 Ng4 17. Nf3 Qd6 18. c3 Bxf2+ 19. Rxf2 Qc5 20. Ned4 Nxf2 21. Kxf2 exd4 22. Nxd4 Qd6 23. h3 c5 24. Ne2 Qf6+ 25. Kg1 Qe5 26. Bd1 Qf5 27. Ba4 Qxe4 28. Bb5 c4 29. Bxc4 Qxc4 30. Nd4 Qd3 31. Kf2 b5 32. Be3 Qb1 33. b4 Qd3 34. Ne2 h6 35. g3 Qf5+ 36. Kg2 Qe6 37. Bc5+ Kg8 38. Nf4 Qe4+ 39. Kf2 Qf5 40. Kg2 Qc2+ 41. Kf3 Qxc3+ 42. Kf2 g5 43. Ne2 Qf6+ 44. Kg1 Qe6 45. Nd4 Qd5 46. Kh2 b6 47. Bxb6 Qa2+ 48. Kg1 Qb1+ 49. Kf2 Qxb4 50. Ne2 Qd6 51. Bd4 b4 52. Ke1 b3 53. Bb2 Qd3 0-1